The battle of Gettysburg; (Record no. 552344)
[ view plain ]
| 000 -LEADER | |
|---|---|
| fixed length control field | 00554cam a22001451 4500 |
| 082 ## - DEWEY DECIMAL CLASSIFICATION NUMBER | |
| Classification number | 940.286 |
| Author Mark | YOU |
| 100 1# - MAIN ENTRY--PERSONAL NAME | |
| Personal name | Young, Jesse Bowman, |
| 9 (RLIN) | 49565 |
| 245 04 - TITLE STATEMENT | |
| Title | The battle of Gettysburg; |
| Remainder of title | a comprehensive narrative, |
| Statement of responsibility, etc. | by Jesse Bowman Young, and officer in the campaign; with maps, plans and illustrations. |
| 260 ## - PUBLICATION, DISTRIBUTION, ETC. | |
| Place of publication, distribution, etc. | New York, |
| Name of publisher, distributor, etc. | Harper, |
| Date of publication, distribution, etc. | 1913. |
| 300 ## - PHYSICAL DESCRIPTION | |
| Extent | ix, 462 p. |
| Other physical details | illus., maps, ports. |
| Dimensions | 22 cm. |
| 526 ## - STUDY PROGRAM INFORMATION NOTE | |
| Program name | 0 |
| Interest level | 0 |
| Reading level | 0 |
| Title point value | 940_286000000000000_YOU |
| 650 #0 - SUBJECT ADDED ENTRY--TOPICAL TERM | |
| Topical term or geographic name entry element | Gettysburg, Battle of, Gettysburg, Pa., 1863. |
| 9 (RLIN) | 7862 |
| 650 #0 - SUBJECT ADDED ENTRY--TOPICAL TERM | |
| Topical term or geographic name entry element | MCE |
| 9 (RLIN) | 379 |
| 942 ## - ADDED ENTRY ELEMENTS (KOHA) | |
| Source of classification or shelving scheme | |
| Koha item type | Book |
| Withdrawn status | Lost status | Source of classification or shelving scheme | Damaged status | Not for loan | Permanent Location | Current Location | Date acquired | Total Checkouts | Full call number | Barcode | Date last seen | Price effective from | Koha item type |
|---|---|---|---|---|---|---|---|---|---|---|---|---|---|
| Military College of Engineering (MCE) | Military College of Engineering (MCE) | 01/14/2015 | 940.286 YOU | MCE-ECB/43 | 01/14/2015 | 01/14/2015 | Book |
